Numerical Study of the Rutile Band Structure by the Hartree–Fock–Roothaan Method in the CO LCAO Approximation using the Cyclic Cluster Model; Bulletin of the Lebedev Physics Institute; Vol. 44, iss. 3

מידע ביבליוגרפי
Parent link:Bulletin of the Lebedev Physics Institute
Vol. 44, iss. 3.— 2017.— [P. 77-80]
Corporate Authors: Национальный исследовательский Томский политехнический университет Исследовательская школа физики высокоэнергетических процессов, Национальный исследовательский Томский политехнический университет Инженерная школа ядерных технологий Отделение ядерно-топливного цикла
מחברים אחרים: Kazaryan M. A. Mishik Ayrazatovich, Kuznetsov S. G. Sergey Gennadjevich, Obkhodskiy A. V. Artem Viktorovich, Popov A. S. Aleksandr Sergeevich
סיכום:Title screen
The technique for calculatingmaterial characteristicswith the aid of theHartree–Fock–Roothaan method in the CO LCAO approximation using the cyclic clustermodel is considered. The results of the numerical study are verified for the TiO2 system. The band gap minimum (2.9 eV) is calculated for the system under consideration.
Режим доступа: по договору с организацией-держателем ресурса
שפה:אנגלית
יצא לאור: 2017
נושאים:
גישה מקוונת:https://doi.org/10.3103/S106833561703006X
פורמט: MixedMaterials אלקטרוני Book Chapter
KOHA link:https://koha.lib.tpu.ru/cgi-bin/koha/opac-detail.pl?biblionumber=665881

MARC

LEADER 00000naa0a2200000 4500
001 665881
005 20250211155505.0
035 |a (RuTPU)RU\TPU\network\37085 
035 |a RU\TPU\network\37031 
090 |a 665881 
100 |a 20211122d2017 k||y0rusy50 ba 
101 0 |a eng 
102 |a US 
135 |a drgn ---uucaa 
181 0 |a i  
182 0 |a b 
200 1 |a Numerical Study of the Rutile Band Structure by the Hartree–Fock–Roothaan Method in the CO LCAO Approximation using the Cyclic Cluster Model  |f M. A. Kazaryan, S. G. Kuznetsov, A. V. Obkhodskiy, A. S. Popov 
203 |a Text  |c electronic 
300 |a Title screen 
320 |a [References: 11 tit.] 
330 |a The technique for calculatingmaterial characteristicswith the aid of theHartree–Fock–Roothaan method in the CO LCAO approximation using the cyclic clustermodel is considered. The results of the numerical study are verified for the TiO2 system. The band gap minimum (2.9 eV) is calculated for the system under consideration. 
333 |a Режим доступа: по договору с организацией-держателем ресурса 
461 |t Bulletin of the Lebedev Physics Institute 
463 |t Vol. 44, iss. 3  |v [P. 77-80]  |d 2017 
610 1 |a электронный ресурс 
610 1 |a труды учёных ТПУ 
610 1 |a crystal 
610 1 |a method for calculating properties 
610 1 |a rutile 
610 1 |a cyclic cluster 
610 1 |a software package 
610 1 |a кластеры 
610 1 |a метод Хартри-Фока-Рутана 
610 1 |a кристаллы 
610 1 |a рутил 
610 1 |a кластерные модели 
701 1 |a Kazaryan  |b M. A.  |g Mishik Ayrazatovich 
701 1 |a Kuznetsov  |b S. G.  |g Sergey Gennadjevich 
701 1 |a Obkhodskiy  |b A. V.  |c specialist in the field of nuclear power engineering  |c Associate Professor of Tomsk Polytechnic University, Candidate of technical science  |f 1982-  |g Artem Viktorovich  |3 (RuTPU)RU\TPU\pers\32672 
701 1 |a Popov  |b A. S.  |c physicist  |c Design Engineer of Tomsk Polytechnic University  |f 1992-  |g Aleksandr Sergeevich  |3 (RuTPU)RU\TPU\pers\38306 
712 0 2 |a Национальный исследовательский Томский политехнический университет  |b Исследовательская школа физики высокоэнергетических процессов  |c (2017- )  |3 (RuTPU)RU\TPU\col\23551 
712 0 2 |a Национальный исследовательский Томский политехнический университет  |b Инженерная школа ядерных технологий  |b Отделение ядерно-топливного цикла  |3 (RuTPU)RU\TPU\col\23554 
801 2 |a RU  |b 63413507  |c 20211122  |g RCR 
856 4 |u https://doi.org/10.3103/S106833561703006X 
942 |c CF